000 00525nam a2200217Ia 4500
008 170918s9999 xx 000 0 und d
020 _a9780590847834
050 _bR994 1997
100 _aRylant, Cynthia
245 _aPoppleton /
245 _cCynthia Rylant ; illustrated by Mark Teague.
260 _aNew York :
260 _bScholastic,
260 _c1997
300 _a53 pages :
300 _bcolored illustration ;
300 _c23cm.
440 _aPoppleton ;
440 _vbook one.
500 _a370
999 _c341209
_d341209